=LDR 00000nam 2200000 4500 =001 000732 =005 20250711035717 =035 ##$$a 0010-0725000600 =007 ta =008 250711################a##########0#ind## =020 ##$$a 978-623-307-628-9 =082 ##$$a 398.209 598 =084 ##$$a 398.209 598 NYU m =100 #$$a Nyupane Chayadatta =245 1#$$a Mane dan Muni /$c Chayadatta Nyupane =250 ##$$a Cetakan Pertama 2024 =260 ##$$a Jakarta :$b Badan Pengembangan dan Pembinaan Bahasa,$c 2022 =300 ##$$a 20 hlm : $b Ilus. ; $c 22,9 cm =650 #4$$a Cerita Anak Indonesia - Terjemahan =650 #4$$a Literasi- Bahan Bacaan =990 ##$$a TBM05080508